000 00664nam a2200205Ii 4500
003 JO-AjNU
008 230605s9999||||xx |||||||||||||| ||und||
017 _a2006/13300
040 _aJO-AjNU
_bara
_erda
_cJO-AjNU
041 _aara
050 1 4 _aQA76 2006
100 3 _aعبدالحافظ ، محمد كامل,
_eauthor
_927895
245 0 0 _aتعلم واحترف ADOBE in Design
264 3 1 _aالقاهرة:دار الكتب العلمية ، 2006
300 _a512ص
336 _atext
_btxt
_2rdacontent
337 _aunmediated
_bn
_2rdamedia
338 _avolume
_bnc
_2rdacarrier
650 4 _aالحاسبات الالكترونية- لغات
_927896
999 _aA10754
_c14322
_d14322